000 nam a22 7a 4500
999 _c8400
_d8400
008 180116b ||||| |||| 00| 0 eng d
100 _aModi.K.etal.
_92750
245 _aTogether Life- A Celebration
260 _aNew Delhi
_bRachna
_c2008